Autoridad e individuo (Registro nro. 4422)

Detalles MARC
000 -ENCABEZADO
Número de control [NR] 00681nam a2200205Ia 4500
008 - DE LONGITUD FIJA DE DATOS DE ELEMENTOS - INFORMACIÓN GENERAL
Elementos de longitud fija [NR] 130821s1967 mx gr spa
040 ## - FUENTE DE CATALOGACION [NR]
Agencia de catalogación original [NR] Co-BoUCM
Idioma de catalogación [NR] spa
041 ## - CODIGO DE IDIOMA [R]
Código de idioma para texto/pista de sonido o título separado [R] Español
100 1# - ASIENTO PRINCIPAL--NOMBRE PERSONAL [NR]
Nombre personal [NR] Russell, Bertrand
Fechas asociadas con el nombre [NR] 1872-1970
ID Autoridad 64519
245 10 - MENCION DE TITULO [NR]
Título [NR] Autoridad e individuo
Mención de responsabilidad, etc. [NR] Bertrand Russell.
250 ## - MENCION DE EDICION [NR]
Mención de edición [NR] 5a. ed.
260 ## - PUBLICACION, DISTRIBUCION, ETC. (PIE DE IMPRENTA) [R]
Lugar de publicación, distribución, etc. [R] México D.F. (México)
Nombre del editor, distribuidor, etc. [R] Fondo de Cultura Económica
Fecha de publicación, distribución, etc. [R] 1967
300 ## - DESCRIPCION FISICA [R]
Extensión [R] 127 páginas
490 #0 - MENCION DE SERIE [R]
Mención de serie [R] Breviarios del Fondo de Cultura Económica
Designación numérica/secuencial del volumen [NR] 15
650 04 - ASIENTO SECUNDARIO DE MATERIA - TERMINO TEMATICO [R]
Término temático o nombre geográfico como elemento de entrada [NR] Filosofía inglesa
9 (RLIN) 15822
650 04 - ASIENTO SECUNDARIO DE MATERIA - TERMINO TEMATICO [R]
Término temático o nombre geográfico como elemento de entrada [NR] Individualismo
9 (RLIN) 17358
650 04 - ASIENTO SECUNDARIO DE MATERIA - TERMINO TEMATICO [R]
Término temático o nombre geográfico como elemento de entrada [NR] Personalismo (Filosofía)
9 (RLIN) 21421
942 ## - ELEMENTOS DE ENTRADA AGREGADOS (KOHA)
Tipo de ítem principal el descrito en 300a Libro
Tema principal Filosofía
Edición 5
Parte restante de la signatura top. R87
Título oculto en OPAC No
Sistema de clasificación DEWEY
Clasificación 141.4
Existencias
Fecha de último préstamo Total préstamos Total Renewals Signatura topográfica Código de barras Última vez visto Volúmen / Fascículo Ejemplar Price effective from Tipo de ítem Perdido Sistema de clasificación Dañado No prestable Tipo de ítem específico Suprimido Ubicación habitual Ubicación actual Localización Fecha de creación Forma de adquisición Costo
01/10/2019 21 4 141.4 R87 100017882 05/12/2025 5a. Ed. Ej.1 03/02/2013 Libro   DEWEY     Libro   Claustro Claustro 2do piso 28/02/2003 Compra 260.00